Antes que mueran /

Guardado en:
Autor Principal: Lange, Norah
Formato: Libro
Publicado: Buenos Aires : Losada, 1944
Series:Prosistas de España y América
Materias:
Etiquetas: Agregar Etiqueta
Sin Etiquetas, Sea el primero en etiquetar este registro!
LEADER 00575nam a22002055a 4500
001 CEM.cems003715
005 20101202112420.0
008 130507s1944##################000#0#####d
003 CEMS
082 0 4 |a A863.4 
100 1 |a Lange, Norah 
245 1 0 |a Antes que mueran /  |c Norah Lange 
260 |a Buenos Aires :  |b Losada,  |c 1944 
300 |a 205 p. 
490 0 |a Prosistas de España y América 
653 |a Literatura 
653 |a Literatura argentina 
653 |a Novelas 
653 |a Novela argentina-siglo 20 
859 |a CEMS  |b BIB. CEMS - 11 de abril  |h A863.4  |i L26-1  |p 8581.80  |t Ej.1